Cinéma américain classique - réalisateurs - 10 aléatoires - Statistiques

Statistiques générales
  • Ce quiz a été pris 20 fois
  • Le résultat moyen est 4 sur 10
Statistiques - réponses
Hint Réponse % Correct
Les Dix Commandements Cecil B DeMille
100%
Tout ce que le ciel permet Douglas Sirk
100%
Sérénade à trois Ernst Lubitsch
100%
L'homme des vallées perdues Georges Stevens
100%
Le Port de l'Angoisse Howard Hawks
100%
L'homme qui tua Liberty Valance John Ford
100%
La Chevauchée fantastique John Ford
100%
La Prisonnière du désert John Ford
100%
Les Désaxés John Huston
100%
Chantons sous la pluie Stanley Donen & Gene Kelly
100%
Le Magicien d'Oz Victor Fleming
100%
Ziegfield Follies Vincente Minnelli
100%
Les Sept Mercenaires John Sturges
67%
Citizen Kane Orson Welles
67%
L'impossible Mr Bébé Howard Hawks
60%
Les Passagers de la Nuit Delmer Daves
50%
Avant de t'aimer Ida Lupino
50%
Les Cheyennes John Ford
50%
La lune était bleue Otto Preminger
50%
Aimez-moi ce soir Rouben Mamoulian
50%
Autant en emporte le vent Victor Fleming
50%
Gigi Vincente Minnelli
50%
Les Ensorcelés Vincente Minnelli
50%
L'Aigle des Mers
Michael Curtiz
40%
Drôle de frimousse Stanley Donen
40%
Le Secret Magnifique Douglas Sirk
33%
Rio Bravo Howard Hawks
33%
Casablanca Michael Curtiz
33%
Les Aventures de Robin des Bois Michael Curtiz
33%
Madame Bovary Vincente Minnelli
33%
Thé et Sympathie Vincente Minnelli
33%
L'Ennemi Public William Wellman
33%
Un jour à New-York Stanley Donen & Gene Kelly
29%
Baby Face Alfred Green
25%
Le Danseur du Dessus Mark Sandrich
25%
40 Tueurs Samuel Fuller
25%
Le Chanteur de Jazz Alan Crosland
0%
Winchester 73 Anthony Mann
0%
42ème Rue Busby Berkeley & Lloyd Bacon
0%
King Kong Ernest Schoedsack & Merian Cooper
0%
Haute pègre Ernst Lubitsch
0%
Le train sifflera trois fois Fred Zinnenmann
0%
L'Impératrice Rouge Josef von Sternberg
0%
Duel au Soleil King Vidor
0%
Le Petit César Mervyn LeRoy
0%
West Side Story Robert Wise & Jerome Robbins
0%
Applause Rouben Mamoulian
0%
Les Quatre Cavaliers de l'Apocalypse Vincente Minnelli
0%
La Vie d'Émile Zola William Dieterle
0%
L'insoumise William Wyler
0%
Aucun quiz correspondant
Distribution des résultats
% des personnes avec chaque résultat
Percentile par nombre de réponses
Votre historique - résultats
Vous n’avez pas pris ce quiz